000
00305nam a2200133Ia 4500
005
20260328101519.0
008
260328s9999||||xx |||||||||||||| ||und||
100
_a
Mardaga, Pierre
245
0
_a
Corbu vu par /
_c
Pierre Mardaga
260
_b
----
300
_a
174 p.
650
_a
ARQUITECTOS
942
_c
BK
999
_c
9506
_d
9506